000 00260nam a22001217a 4500
008 171006b xxu||||| |||| 00| 0 eng d
041 _aeng
080 _a159.9
100 _a49
101 _aPSI
245 _aBIOLOGICAL PSYCHOLOGY
_cRUST, T
942 _2udc
_cBK
999 _c32217
_d32217